00760 a2200193 4500020001500000040000800015082001000023100001900033245008100052250001200133260004100145300007300186538007700259650001900336650002900355942002300384999001500407952014400422 a0534372813 aDLC00a519.51 aDevore, Jay L.10aProbability and statistics for engineering and the sciences cJay L. Devore. a5th ed. aPacific Grove, CA :bDuxburycc2000. axvi, 775 p. :bill. ;c25 cm. +e1 computer optical disc (4 3/4 in.) aSystem requirements for accompanying computer disc: Windows 95 or later. 0aProbabilities. 0aMathematical statistics. cBKk519.5 DEV2ddc c7740d7740 001040708NFICaCLbCLcGENd2002-07-24ePak Book Corporationg1359.49l4o519.5 DEVpSEECS002210r2025-11-19s2023-09-15w2017-01-05yBK